Регионална библиотека "Любен Каравелов" - Русе

Д. С. Мил (Запис номер 430667)

MARC детайли
000 -Лидер
Контролно поле с фиксирана дължина nam a22 a 4500
003 - Код на организацията, давaща контролен номер
Контролно поле BLK
005 - Дата и час на последна редакция
Контролно поле 20210831141131.0
008 - Елементи от данни с фиксирана дължина
fixed length control field 210831b bul|||||r ||||||| ||bul||
040 ## - Източник на каталожния запис
Идентификатор на билиотеката - собственик на записа BLK
041 ## - Код за език
Код за езика на текст/звукозапис или на отделно заглавие Български
Код за езика КДБФ Български
080 ## - УДК
Текстов определител УДК Обща история на философията
УДК код - определител по УДК 101(091)
УДК определител (410)(092)
УДК - код + определител 101(091)(410)(092)
080 ## - УДК
Текстов определител УДК Английски философ
УДК код - определител по УДК 929 Мил, Джон Стюарт
100 ## - Редна дума - Автор
R(LIN) 324493
Автор Туган-Барановский, Михаил Иванович
Авторска отговорност първи автор
139 ## - Редно поле
Редна дума Туган-Барановский, Михаил Иванович
245 ## - Сведения за заглавието
Заглавие Д. С. Мил
Подзаглавни данни Биогр. очерк
Редно поле (дума) М. Т. Барановски ; Прев. от рус
260 ## - Област на издателските данни
Място на издаване, разпространение и проч. Разград
Име на издателя, разпространителя и проч. Христо Килифарски
Година на издаване 1898
9 (RLIN) 217697
Печатница (София : Икономов)
300 ## - Физическа характеристика
Страници 2, 170 с., 1 л. : портр.
Размери/Мащаб 15 см
380 ## - Жанр
Жанр История
490 ## - СЕРИИ (Колекции)
9 (RLIN) 204421
Име на серия Народна библиотека
№: серия 4-6
490 ## - СЕРИИ (Колекции)
9 (RLIN) 435080
Име на серия Колекция Редки и ценни издания
600 #0 - Име на лице, използвано като предмет
9 (RLIN) 334358
За него / За нея Мил, Джон Стюарт
650 #7 - Допълнително описание по предмет – тема
9 (RLIN) 162208
Основно описание – тема или топоним Мил, Джон Стюарт
650 #0 - Допълнително описание по предмет – тема
9 (RLIN) 280820
Основно описание – тема или топоним Философи, английски - биографии
852 ## - Местоположение
Форматна сигнатура Рб 898
Фондова буква Редки и ценни
999 ## - СИСТЕМНИ КОНТРОЛНИ НОМЕРА
Koha biblionumber 430667
Koha biblioitemnumber 430667
942 ## - АРТИКУЛИ
Вид на библиотечния материал Книги
Скрит в OPAC Не
Периодичен библиозапис Да
944 ## - СЪЗДАВАНЕ И РЕДАКЦИЯ на ЗАПИСА
Създаване/Редакция Създаване
Дата на регистрацията/редакция 2021-08-31
Служител, извършил регистрацията/редакцията ГГГ
Наличности
Код за отписване Код за изгубен артикул Източник на класификационната схема Код за повреда Коз за рестрикции Код за отдаване Артикулен № Име на библиотеката - собственик Име на библиотеката, в която се намира в момента Статус (Текущо местоположение) Дата на вписване в системата Местоположение - отдел Цена в лева Инвентарен номер Систематично азбучна сигнатура Баркод Цена в евро Служебен тип на артикула
  Не е изгубен Universal Decimal Classification Не е повреден само за читалня Специални фондове ( старопечатни, редки и ценни, фонд М. Арнаудов) 853656 Регионална библиотека "Любен Каравелов" Русе Регионална библиотека "Любен Каравелов" Русе Редки и ценни 2021-09-21 Редки и ценни 0.14 8153 Рб 898 900000076664 0.07 Книги
Vip Innovations Ltd, Rousse, Bulgaria 2025